Thí nghiệm hóa phân tích

保存先:
書誌詳細
第一著者: NGUYỄN BẠCH TUYẾT
フォーマット: 図書
言語:Undetermined
出版事項: Tp. HCM Trường Đại học Bách Khoa
主題:
タグ: タグ追加
タグなし, このレコードへの初めてのタグを付けませんか!
Thư viện lưu trữ: Trung tâm Học liệu Trường Đại học Cần Thơ
LEADER 00511nam a2200157Ia 4500
001 CTU_47159
008 210402s9999 xx 000 0 und d
082 |a 543.078 
082 |b T527 
100 |a NGUYỄN BẠCH TUYẾT 
245 0 |a Thí nghiệm hóa phân tích 
245 0 |c NGUYỄN BẠCH TUYẾT 
260 |a Tp. HCM 
260 |b Trường Đại học Bách Khoa 
650 |a chemistry, analytic - laboratory manuals, etc. 
980 |a Trung tâm Học liệu Trường Đại học Cần Thơ